000
00231nam a22001097a 4500
082
_a
671 MET'B
100
_a
BEADLE, JOHN D
_9
76043
245
_a
METAL ENGINEERING
260
_a
UK
_b
MACMILLAN
_c
1971
300
_a
198P
942
_c
BK
999
_c
581495
_d
581495